Donnicidio : Diagnosi del femminicidio secondo una donna nata maschio
Uloženo v:
| Hlavní autor: | |
|---|---|
| Médium: | Kniha |
| Jazyk: | angličtina |
| Vydáno: |
Golena
2014
|
| Tagy: |
Žádné tagy, Buďte první, kdo vytvoří štítek k tomuto záznamu!
|
MARC
| LEADER | 00000nam a2200000 4500 | ||
|---|---|---|---|
| 005 | 20231105223643.0 | ||
| 008 | 231105b |||||||| |||| 00| 0 eng d | ||
| 020 | |a 8884251613 | ||
| 040 | |c C | ||
| 082 | |a 306.872 | ||
| 100 | |a Izzo, Mirella | ||
| 245 | |a Donnicidio |b : Diagnosi del femminicidio secondo una donna nata maschio | ||
| 260 | |b Golena |c 2014 | ||
| 942 | |2 ddc |c BK |n 0 | ||
| 952 | |0 0 |1 0 |2 ddc |4 0 |6 306_872000000000000_IZZ_DON |7 1 |9 114 |a GE |b GE |d 2015-12-14 |l 0 |o 306.872 IZZ DON |p 2971 |r 2023-11-05 22:37:31 |w 2023-11-05 |x Bozza con errori |y BK | ||
| 952 | |0 0 |1 0 |2 ddc |4 0 |6 306_872000000000000_IZZ_DON |7 1 |9 8042 |a GE |b GE |d 2025-07-15 |l 0 |o 306.872 IZZ DON |p 2088 |r 2025-07-15 16:16:16 |w 2025-07-15 |y BK |z Fondo Giovanni Delfino | ||
| 999 | |c 100 |d 100 | ||